Charles Péguy : L’inclassable (notice n° 1567242)

détails MARC
000 -LEADER
fixed length control field 01696cam a2200133 4500500
005 - DATE AND TIME OF LATEST TRANSACTION
control field 20251214002631.0
041 ## - LANGUAGE CODE
Language code of text/sound track or separate title fre
042 ## - AUTHENTICATION CODE
Authentication code dc
100 10 - MAIN ENTRY--PERSONAL NAME
Personal name Leroy, Géraldi
Relator term author
245 00 - TITLE STATEMENT
Title Charles Péguy : L’inclassable
260 ## - PUBLICATION, DISTRIBUTION, ETC.
Name of publisher, distributor, etc. Armand Colin,<br/>
Date of publication, distribution, etc. 2014.<br/>
520 ## - SUMMARY, ETC.
Summary, etc. Péguy travesti : mutilé par des approches partielles et anachroniques, il a été l’objet des lectures les plus antagonistes. La présente biographie s’attache au contraire à restituer un Péguy complet. Elle prend en compte au plus près des textes et sans exclusive la totalité de sa production, des écrits de jeunesse aux grandes œuvres de la maturité, sans négliger la correspondance et en intégrant les données acquises par la recherche au cours des dernières décennies. Elle veille à toujours mettre en relation hors de toute pétition de principe les positionnements de Péguy avec le contexte politique et culturel de l’époque, constamment attentive à la complexité historique de la période qui interdit les jugements sommaires sur les hommes et les événements. Au total, elle met en lumière une unité contradictoire au sein de laquelle se dégagent des étapes plus contrastées que Péguy ne l’a admis prêtant ainsi à une réception diversifiée. Mais elle illustre en même temps le maintien de valeurs fondamentales (l’intégrité personnelle, le goût de la liberté, la cohérence entre la parole et l’engagement, le refus d’un monde dominé par l’argent, la fidélité à l’enracinement populaire) garantes d’une actualité permanente de l’auteur.
856 41 - ELECTRONIC LOCATION AND ACCESS
Uniform Resource Identifier <a href="https://shs.cairn.info/charles-peguy--9782200287498?lang=fr&redirect-ssocas=7080">https://shs.cairn.info/charles-peguy--9782200287498?lang=fr&redirect-ssocas=7080</a>

Pas d'exemplaire disponible.

PLUDOC

PLUDOC est la plateforme unique et centralisée de gestion des bibliothèques physiques et numériques de Guinée administré par le CEDUST. Elle est la plus grande base de données de ressources documentaires pour les Étudiants, Enseignants chercheurs et Chercheurs de Guinée.

Adresse

627 919 101/664 919 101

25 boulevard du commerce
Kaloum, Conakry, Guinée

Réseaux sociaux

Powered by Netsen Group @ 2025